Zoznam zastupiteľských úradov krajín EÚ, NATO a niektorých ďalších krajín v Slovenskej republike a zastupiteľských úradov akreditovaných pre Slovenskú republiku

Podrobná bibliografia
Médium: Článok
Jazyk:slovenčina
ISBN:9788089356065
Predmet:

MARC

LEADER 00000nab a2200000 ar4500
001 vtls010039011
003 SK-MaSNL
005 20260426075726.0
008 100114c2009 xo |||||||||||000 b|slo
015 |a SNBRA2010/01  |2 snkbucl 
038 |a SNKBUCL 
040 |a SNKBUCL  |b slo  |c SNKBUCL  |e AACR2 
041 0 |a slo 
044 |a xo  |c SK 
080 |a 341.7  |x (100:437.6)  |x "2008"  |2 2001 
245 0 0 |a Zoznam zastupiteľských úradov krajín EÚ, NATO a niektorých ďalších krajín v Slovenskej republike a zastupiteľských úradov akreditovaných pre Slovenskú republiku 
500 |a Stav vo februári 2009 
500 |a Spracoval Martin Firák, RC SFPA 
650 0 7 |a zastupiteľské úrady  |2 snkbucl  |9 1253 
651 7 |a Slovensko  |2 snkbucl  |9 14231 
651 7 |a krajiny sveta  |2 snkbucl  |9 253334 
655 7 |a adresáre  |2 snkbucl  |9 70415 
773 0 |t Ročenka zahraničnej politiky Slovenskej republiky 2008  |d Bratislava : Výskumné centrum Slovenskej spoločnosti pre zahraničnú politiku, 2009,  |g S. 196-204  |z 9788089356065 
852 |a SNK  |b KIS3GCP 
958 |a SK 
999 |c 2782791  |d 2784721